000
00196 a2200097 4500
001
7802
100
_a
Wolpert, S
245
_a
Nine hours to Rama
260
_a
_b
Hamilton
_c
090
_c
6252
_d
6252
942
_a
NUST-CAE
_c
M
_c
32770
999
_c
242875
_d
242875